| 000 | 00364nam a2200157Ia 4500 | ||
|---|---|---|---|
| 008 | 221030s9999 xx 000 0 und d | ||
| 020 | _a8188458511 | ||
| 041 | _aEnglish | ||
| 100 | _aP. Singh | ||
| 245 | 0 |
_aEngineering & General Geology _cby P. Singh |
|
| 250 | _a8th | ||
| 260 |
_bKatson _aNew Delhi _c2017 |
||
| 300 | _a591 | ||
| 650 | _aCivil | ||
| 942 | _cBK | ||
| 999 |
_c17992 _d17992 |
||